Top 10 Causes of Death in USA - Statistics

General Stats
  • This quiz has been taken 925 times
  • The average score is 5 of 10
Answer Stats
Hint Answer % Correct
#2 Cancer
91%
#1 Heart Disease
83%
#4 Accidents
72%
#10 Suicide
67%
#5 Stroke
45%
#7 Diabetes
40%
#3 Lung Disease
35%
#6 Alzheimer's Disease
30%
#8 Influenza and Pneumonia
29%
#9 Kidney Disease
26%
No matching quizzes found
Score Distribution
Percent of People with Each Score
Percentile by Number Answered
Your Score History
You have not taken this quiz